Eparchiálno-exarchátne kolo Biblickej olympiády

Bibliographic Details
Format: Article
Language:Slovak
PhysicalDescription:Fotogr.
Subjects:

MARC

LEADER 00000nab a2200000 a 4500
001 vtls000854306
003 SK-MaSNL
005 20260302171423.0
008 040806c2003 xo 0 slo
015 |a SNBRB2003/11-33915 
035 |a CLN000205961 
040 |a SNKBUCL  |b slo  |c SNKBUCL  |e AACR2 
041 0 |a slo 
044 |a xo  |c SK 
080 |a 281.94(437.6)  |2 UDC-MRF-SK2 
080 |a 2:06.063  |2 UDC-MRF-SK2 
245 0 0 |a Eparchiálno-exarchátne kolo Biblickej olympiády 
300 |b Fotogr. 
610 7 |a Gréckokatolícka cirkev  |2 snkbucl  |9 32576 
611 2 7 |a Biblická olympiáda  |d (2003 :  |c Prešov, Slovensko)  |2 snkbucl  |9 875596 
630 0 7 |a Biblia  |2 snkbucl  |9 17043 
773 0 |t Blahovistnik  |g Roč. 39, č. 6 (2003), s. 11 a 13 
850 |a Slovenská národná knižnica v Martine 
852 |a SNK  |b KIS3GCP 
999 |c 1395721  |d 1397651